| 000 | 03320cam a2200349 a 4500 | ||
|---|---|---|---|
| 003 | EG-GiCUC | ||
| 005 | 20250223032619.0 | ||
| 008 | 201024s2020 ua dh f m 000 0 eng d | ||
| 040 |
_aEG-GiCUC _beng _cEG-GiCUC |
||
| 041 | 0 | _aeng | |
| 049 | _aDeposite | ||
| 097 | _aPh.D | ||
| 099 | _aCai01.11.05.Ph.D.2020.Mo.E | ||
| 100 | 0 | _aMostafa Mohammad Abdalraouf Yousof | |
| 245 | 1 | 0 |
_aEffect of partial versus complete annulo-papillary preservation during mitral valve replacement on left ventricular geometry and function using CMR / _cMostafa Mohammad Abdalraouf Yousof ; Supervised Mohamed Abdalraouf Khalil , Ahmed Hussein Gafaar , Mohamed Abuldahab |
| 246 | 1 | 5 | _aدراسة تاثير المحافظة على الاتصال بين حلقة الصمام الميترالى والعضلات الحلمية جزئيا او كليا بعد عمليات استبدال الصمام الميترالى على وظائف والشكل الهندسى للبطين الايسر باستخدام الرنين المغنطيسى للقلب |
| 260 |
_aCairo : _bMostafa Mohammad Abdalraouf Yousof , _c2020 |
||
| 300 |
_a107 P. : _bcharts , facimiles ; _c25cm |
||
| 502 | _aThesis (Ph.D.) - Cairo University - Faculty of Medicine - Department of Cardiothoracic Surgery | ||
| 520 | _aAssessment of left ventricular geometry and function using Echocardiographic studies carry a higher rate of inaccurate values specially in the presence of mitral valve disease. Three-dimensional left ventricular geometric evaluation using MRI provides more accurate details about left ventricular geometry and function Objectives: To evaluate the beneficial effect of partial and complete preservation of papillary annular continuity, using CMR as a novel modality of comparison to evaluate the postoperative left ventricular function and geometry. Patient & methods: In our study, 32 Patients, males or females, different age group, with predominant mitral regurgitation, indicated for mitral valve replacement, mitral valve replacement was done. Patients were randomized in two groups , where posterior preservation was in group I, and both leaflet preservation was in group II. The study was done at different institutions, with the same group of surgeons, in the period between May 2015 and Feb 2017. All patients went through preoperative, operative& early postoperative evaluation. Results: According to our knowledge this is the first study in Egypt to use CMR in evaluating the effect of mitral valve replacement on cardiac function. Postoperative evaluation demonstrated a significant improvement in left ventricular function and dimensions in both groups using echocardiography or CMR. But the study also failed to quantify significant superiority of either technique in our selected patient groups.This was consistent with many trails done before using echocardiography only | ||
| 530 | _aIssued also as CD | ||
| 653 | 4 | _aAnnulo | |
| 653 | 4 | _aCardiovascular magnetic resonance (CMR) | |
| 653 | 4 | _aMitral valve replacement | |
| 700 | 0 |
_aAhmed Hussein Gafaar , _eSupervisor |
|
| 700 | 0 |
_aMohamed Abdalraouf Khalil , _eSupervisor |
|
| 700 | 0 |
_aMohamed Abuldahab , _eSupervisor |
|
| 856 | _uhttp://172.23.153.220/th.pdf | ||
| 905 |
_aNazla _eRevisor |
||
| 905 |
_aShimaa _eCataloger |
||
| 942 |
_2ddc _cTH |
||
| 999 |
_c78404 _d78404 |
||